Wade & Forsyth's Administrative Law (Record no. 1715039)

MARC details
000 -LEADER
fixed length control field 00961nam a22003137a 4500
005 - DATE AND TIME OF LATEST TRANSACTION
control field 20260310141717.0
008 - FIXED-LENGTH DATA ELEMENTS--GENERAL INFORMATION
fixed length control field 260310b |||||||| |||| 00| 0 eng d
020 ## - INTERNATIONAL STANDARD BOOK NUMBER
International Standard Book Number 9780198806851
037 ## - SOURCE OF ACQUISITION
Terms of availability TB
040 ## - CATALOGING SOURCE
Original cataloging agency LCT
Transcribing agency LCT
041 ## - LANGUAGE CODE
Source of code eng
Language code of text/sound track or separate title eng
Language code of original eng
084 ## - COLON CLASSIFICATION NUMBER
Classification number Z2,9298 Q4
100 ## - MAIN ENTRY--PERSONAL NAME
Personal name Wade, William
9 (RLIN) 1131544
245 ## - TITLE STATEMENT
Title Wade & Forsyth's Administrative Law
250 ## - EDITION STATEMENT
Edition statement 12th ed.
260 ## - PUBLICATION, DISTRIBUTION, ETC.
Place of publication, distribution, etc. London, United Kingdom:
Name of publisher, distributor, etc. Oxford University Press,
Date of publication, distribution, etc. 2014
300 ## - PHYSICAL DESCRIPTION
Extent lxxxviii, 820p.
365 ## - TRADE PRICE
Price amount 53.99
Currency code GBP (£)
650 ## - SUBJECT ADDED ENTRY--TOPICAL TERM
Topical term or geographic name entry element Law
650 ## - SUBJECT ADDED ENTRY--TOPICAL TERM
Topical term or geographic name entry element Administrative Law
650 ## - SUBJECT ADDED ENTRY--TOPICAL TERM
Topical term or geographic name entry element Natural Justice
650 ## - SUBJECT ADDED ENTRY--TOPICAL TERM
Topical term or geographic name entry element Constitutional Law
650 ## - SUBJECT ADDED ENTRY--TOPICAL TERM
Topical term or geographic name entry element Judicial review
9 (RLIN) 439791
650 ## - SUBJECT ADDED ENTRY--TOPICAL TERM
Topical term or geographic name entry element Judicial remedies
9 (RLIN) 755444
650 ## - SUBJECT ADDED ENTRY--TOPICAL TERM
Topical term or geographic name entry element Public Corporations
9 (RLIN) 755445
700 ## - ADDED ENTRY--PERSONAL NAME
Personal name Forsyth, Christopher
700 ## - ADDED ENTRY--PERSONAL NAME
Personal name Ghosh, Julian
9 (RLIN) 1104588
942 ## - ADDED ENTRY ELEMENTS (KOHA)
Source of classification or shelving scheme Colon Classification (CC)
Koha item type Textbook
Classification part Z2,9298 Q4
Suppress in OPAC No
Holdings
Withdrawn status Lost status Source of classification or shelving scheme Damaged status Not for loan Collection Home library Current library Shelving location Date acquired Source of acquisition Cost, normal purchase price Inventory number Total Checkouts Full call number Barcode Date last seen Price effective from Koha item type
    Colon Classification (CC)     Non-fiction Law Centre-II Library Law Centre-II Library General Stacks 2026-01-10 Bookwell Publication 6550.00 668/10.01.2026   Z2,9298 Q4 LT0029524 2026-03-10 2026-03-10 Textbook
    Colon Classification (CC)     Non-fiction Law Centre-II Library Law Centre-II Library General Stacks 2026-01-10 Bookwell Publication 6550.00 668/10.01.2026   Z2,9298 Q4 LT0029525 2026-03-10 2026-03-10 Textbook
Copyright @ Delhi University Library System